Calciatori nazionale italiana (esordio dal 2020) - Statistics

Statistiche generali
  • Questo quiz è stato fatto 63 volte
  • Il punteggio medio è 17 su 25
Statistiche sulle risposte
Presenze Reti Anno esordio Anno ultimo incontro Presenze per club di appartenenza Calciatore % Corretto
43 3 2020 2026 Inter Alessandro Bastoni
96%
28 11 2023 2026 3   Tigre, 9   Genoa, 8   Atalanta, 8   Al-Qadisiya Mateo Retegui
94%
36 3 2020 2026 15   Sassuolo, 21   Juventus Manuel Locatelli
92%
46 11 2021 2026 13   Sassuolo, 27   Napoli, 5   Atlético Madrid, 1   Atalanta Giacomo Raspadori
88%
38 3 2022 2026 Inter Federico Dimarco
86%
14 0 2024 2026 5   Bologna, 9   Arsenal Riccardo Calafiori
86%
5 -4 2024 2025 Tottenham Guglielmo Vicario
82%
22 1 2021 2025 7   Sassuolo, 4   West Ham Utd, 11   Atalanta Gianluca Scamacca
80%
8 0 2022 2026 1   Frosinone, 7   Juventus Federico Gatti
75%
12 0 2023 2025 4   Torino, 8   Napoli Alessandro Buongiorno
73%
34 8 2022 2026 6   Sassuolo, 28   Inter Davide Frattesi
73%
7 3 2025 2026 Inter Pio Esposito
73%
13 1 2022 2025 Lazio Mattia Zaccagni
71%
19 3 2024 2025 Juventus Andrea Cambiaso
69%
12 0 2023 2025 Tottenham Destiny Udogie
67%
16 5 2020 2023 14   Atalanta, 2   Monza Matteo Pessina
67%
13 1 2022 2023 4   Zurigo, 9   Leeds Utd Wilfried Gnonto
65%
11 0 2022 2025 10   Torino, 1   Milan Samuele Ricci
57%
8 0 2022 2024 Atalanta Giorgio Scalvini
49%
6 0 2024 2025 2   Torino, 4   Atalanta Raoul Bellanova
43%
14 0 2021 2023 Atalanta Rafael Tolói
39%
7 0 2020 2022 Milan Davide Calabria
37%
7 0 2022 2024 Juventus Nicolò Fagioli
35%
6 0 2024 2025 2   Monza, 4   Atalanta Daniel Maldini
33%
5 0 2024 2025 Udinese Lorenzo Lucca
24%
Nessun quiz corrispondente trovato
Distribuzione punteggi
Percentuale di utenti per punteggio
Percentile per numero di risposta
I tuoi punteggi nel tempo
Non hai fatto questo quiz